Statistics for Complete the Metal Album Name

Click here to take the quiz!

General Stats

  • This quiz has been taken 49 times
  • The average score is 7 of 17

Answer Stats

BandAlbum Name% Correct
Metallica...{And Justice} for All
94%
MotörheadOver{kill}
76%
SlayerSeasons in the {Abyss}
76%
PanteraVulgar Display of {Power}
73%
System of a Down{Steal} This Album!
71%
Ozzy Osbourne{Diary} of a Madman
55%
Sepultura{Chaos} A.D.
43%
KornLife Is {Peachy}
43%
Limp Bizkit{Significant} Other
39%
SlipknotVol. 3: ({The Subliminal Verses})
37%
Lamb of GodAshes of the {Wake}
29%
Rob Zombie{Hellbilly} Deluxe
27%
Mastodon{Blood} Mountain
22%
AlestormSunset on the {Golden} Age
18%
JinjerKing of {Everything}
14%
Primus{Anti}pop
8%
BudgieBand{olier}
2%

Score Distribution

Percentile by Number Answered

Percent of People with Each Score

Your Score History

You have not taken this quiz